[Event "Gaprindashvili Cup (Women)"]
[Site "Tornelo INT"]
[Date "2020.11.09"]
[Round "6"]
[White "Gvatua, Mariam"]
[Black "Limar, Ana"]
[Result "1/2-1/2"]
[WhiteElo "1343"]
[BlackElo "1312"]
[PlyCount "76"]
[EventDate "2020.11.08"]
[EventType "swiss (rapid)"]
[EventRounds "9"]
[EventCountry "GEO"]
[SourceTitle "CBM 199 Extra"]
[Source "ChessBase"]
[SourceDate "2021.01.31"]
[SourceVersion "1"]
[SourceVersionDate "2021.01.31"]
[SourceQuality "1"]

1. d4 d5 2. Nf3 Nf6 3. c4 e6 4. g3 Be7 5. Bg2 0-0 6. 0-0 dxc4 7. Ne5 Nc6 8. Nxc6 bxc6 9. Bxc6 Rb8 10. Bg2 Bb7 11. Nc3 Bxg2 12. Kxg2 c5 13. dxc5 Qxd1 14. Rxd1 Bxc5 15. Rb1 Rfd8 16. Bf4 Rxd1 17. Rxd1 Rc8 18. Na4 Be7 19. Nc3 Kf8 20. Nb5 a6 21. Nc7 Ne8 22. Rd7 Nxc7 23. Rxc7 Rxc7 24. Bxc7 Bf6 25. Bd6+ Ke8 26. Ba3 Kd7 27. Kf3 Kc6 28. Ke3 Kd5 29. Kd2 Kd4 30. Bb4 Kd5 31. Kc2 Bd4 32. f3 f5 33. Bd2 Bg1 34. h3 h5 35. g4 hxg4 36. hxg4 fxg4 37. fxg4 Bd4 38. Bc3 Bf6 1/2-1/2

[Event "Gaprindashvili Cup (Women)"]
[Site "Tornelo INT"]
[Date "2020.11.08"]
[Round "2"]
[White "Khazhomia, Anuki"]
[Black "Limar, Ana"]
[Result "1-0"]
[WhiteElo "1880"]
[BlackElo "1312"]
[PlyCount "83"]
[EventDate "2020.11.08"]
[EventType "swiss (rapid)"]
[EventRounds "9"]
[EventCountry "GEO"]
[SourceTitle "CBM 199 Extra"]
[Source "ChessBase"]
[SourceDate "2021.01.31"]
[SourceVersion "1"]
[SourceVersionDate "2021.01.31"]
[SourceQuality "1"]

1. d4 d5 2. c4 e6 3. Nc3 Nf6 4. Bg5 Be7 5. Nf3 0-0 6. cxd5 exd5 7. e3 c6 8. Qc2 h6 9. Bh4 Bg4 10. Ne5 Be6 11. Bd3 Nbd7 12. f4 Nxe5 13. dxe5 Ng4 14. Bxe7 Qxe7 15. Qe2 h5 16. Kd2 Qb4 17. Kc2 d4 18. exd4 Qxd4 19. Qe4 Qxe4 20. Bxe4 Nf2 21. Rhe1 Nxe4 22. Nxe4 Bf5 23. Kc3 Bxe4 24. Rxe4 Rad8 25. Rae1 Rfe8 26. h3 Rd5 27. g4 hxg4 28. hxg4 f6 29. exf6 Rxe4 30. Rxe4 gxf6 31. Re7 Rb5 32. a4 Rb6 33. b4 Kf8 34. Re6 Kf7 35. f5 a6 36. Kc4 a5 37. b5 Kg7 38. Kc5 cxb5 39. Rxb6 b4 40. Rxb7+ Kf8 41. Kb5 Ke8 42. Kxa5 1-0

[Event "Gaprindashvili Cup (Women)"]
[Site "Tornelo INT"]
[Date "2020.11.08"]
[Round "3"]
[White "Limar, Ana"]
[Black "Lomaia, Diana"]
[Result "0-1"]
[WhiteElo "1312"]
[BlackElo "1946"]
[PlyCount "126"]
[EventDate "2020.11.08"]
[EventType "swiss (rapid)"]
[EventRounds "9"]
[EventCountry "GEO"]
[SourceTitle "CBM 199 Extra"]
[Source "ChessBase"]
[SourceDate "2021.01.31"]
[SourceVersion "1"]
[SourceVersionDate "2021.01.31"]
[SourceQuality "1"]

1. e4 c5 2. Nf3 e6 3. d4 cxd4 4. Nxd4 Nc6 5. c4 Nf6 6. Nc3 d6 7. Be3 Be7 8. Be2 0-0 9. 0-0 a6 10. Qd2 Qc7 11. Rad1 Ne5 12. b3 b6 13. f3 Bb7 14. Bf2 Rac8 15. Rc1 Rfd8 16. Rfd1 Nc6 17. Nxc6 Bxc6 18. Qe3 Rb8 19. Bg3 Nh5 20. Bf2 h6 21. f4 Nf6 22. Bf3 Qb7 23. e5 dxe5 24. Rxd8+ Bxd8 25. fxe5 Nd7 26. Bxc6 Qxc6 27. Rd1 Be7 28. Kh1 Bc5 29. Qg3 Bxf2 30. Qxf2 Nxe5 31. Qd4 Ng6 32. Qd6 Qb7 33. Qd7 Ne5 34. Qxb7 Rxb7 35. Rd6 Kf8 36. Kg1 Ke7 37. Rd4 Rd7 38. Rxd7+ Kxd7 39. Kf2 Kc6 40. h3 Nd3+ 41. Ke3 Nb4 42. Kd4 f6 43. Ke3 Nc2+ 44. Kd2 Nd4 45. Kd3 Nf5 46. Ke4 Nd6+ 47. Kd4 b5 48. c5 Nf5+ 49. Ke4 Kxc5 50. g4 Nd6+ 51. Ke3 a5 52. Ne4+ Nxe4 53. Kxe4 g6 54. h4 b4 55. Ke3 Kd5 56. Kd3 e5 57. Ke3 e4 58. Ke2 Kd4 59. Kd2 e3+ 60. Ke2 Ke4 61. Ke1 Kf3 62. Kf1 Kxg4 63. Ke2 Kf4 0-1